书目信息 |
| 题名: |
信息管理概论
|
|
| 作者: | 柯平 , 高洁 主编 | |
| 分册: | ||
| 出版信息: | 北京 科学出版社 2002.10 |
|
| 页数: | 367页 | |
| 开本: | 24cm | |
| 丛书名: | 21世纪信息管理丛书 | |
| 单 册: | ||
| 中图分类: | G203 , G201 , G203 | |
| 科图分类: | ||
| 主题词: | 信息管理--xin xi guan li--概论 | |
| 电子资源: | ||
| ISBN: | 7-03-010818-3 | |
| 000 | 01263nam 2200337 450 | |
| 001 | 012001011079 | |
| 005 | 20051207101635.45 | |
| 010 | @a7-03-010818-3@d34.00CNY | |
| 099 | @aCAL 012002267656 | |
| 100 | @a20030928d2002 ekmy0chiy0121 ea | |
| 101 | 0 | @achi |
| 102 | @aCN@b110000 | |
| 105 | @aak a 000yy | |
| 200 | 1 | @a信息管理概论@Axin xi guan li gai lun@f柯平, 高洁主编 |
| 210 | @a北京@c科学出版社@d2002.10 | |
| 215 | @a367页@c图@d24cm | |
| 225 | 2 | @a21世纪信息管理丛书@A21 shi ji xin xi guan li cong shu |
| 314 | @a柯平,湖北英山人,南开大学国际商学院教授、硕士生导师,武汉大学信息资源研究中心、郑州大学、郑州航空工业管理学院等校兼职教授。合编《信息管理概论》。 | |
| 314 | @a高洁(女),黑龙江哈尔滨人,天津师范大学经济管理学院教授。合编《信息管理概论》。 | |
| 320 | @a有书目 (第362-367页) | |
| 330 | @a本书内容涉及社会信息化、信息资源、现代信息技术、信息采集、信息组织、信息分析、信息系统管理、信息文化、信息政策与法律等。 | |
| 410 | 0 | @12001 @a21世纪信息管理丛书 |
| 461 | 0 | @12001 @a21世纪信息管理丛书 |
| 606 | 0 | @a信息管理@Axin xi guan li@x概论 |
| 690 | @aG203@v4 | |
| 690 | @aG201@v4 | |
| 690 | @aG203@v4 | |
| 701 | 0 | @a柯平@Ake ping@4主编 |
| 701 | 0 | @a高洁@Agao jie@4主编 |
| 801 | 0 | @c20051207 |
| 905 | @a10447@dG203@eK402 | |
| 信息管理概论/柯平, 高洁主编.-北京:科学出版社,2002.10 |
| 367页:图;24cm.-(21世纪信息管理丛书) |
| ISBN 7-03-010818-3:34.00CNY |
| 本书内容涉及社会信息化、信息资源、现代信息技术、信息采集、信息组织、信息分析、信息系统管理、信息文化、信息政策与法律等。 |
| ● |
| 相关链接 |
|
|
|
正题名:信息管理概论
索取号:G203/K402
 
预约/预借
| 序号 | 登录号 | 条形码 | 馆藏地/架位号 | 状态 | 备注 |
| 1 | 545638 | 205456380 | 社科库409/409社科库 57排1列5层/ [索取号:G203/K402] | 在馆 | |
| 2 | 545639 | 205456399 | 社科库409/422社科库 43排4列2层/ [索取号:G203/K402] | 在馆 | |
| 3 | 545640 | 205456406 | 社科库409/409社科库 57排1列5层/ [索取号:G203/K402] | 在馆 | |
| 4 | 551302 | 205513023 | 社科库409/422社科库 52排5列1层/ [索取号:G203/K402] | 在馆 | |
| 5 | 551303 | 205513032 | 社科库409/422社科库 52排5列1层/ [索取号:G203/K402] | 在馆 |